00289nam a22000857a 4500008004100000082002100041245008000062260005300142300000800195230621b xxu||||| |||| 00| 0 eng d a328.30bCPA 1992 a1992 Reports: CPA Executive Committee and CPA General Assembly,The Bahamas aUKbCommonwealth Parliamenatry Associationc1992 a82p